000 00734nam a2200217Ia 4500
003 GCL
005 20240530104810.0
008 140319s9999 xx 000 0 ara d
040 _aGCL /
_cGCL
082 0 4 _a819
_bا م
100 1 _aابوحيان التوحيدى، على بن محمد
245 1 0 _aالمختار من رسالة الصداقة والصديق لابى حيان التوحيدى /
_cابوحيان التوحيدى، على بن محمد
300 _a140 ص
490 _aمكتبة الاسرة
_v0
650 0 4 _aالادب العربى
650 0 4 _aالبلاغة العربية
650 0 4 _aالصداقة
650 0 4 _aالصديق
700 1 _aابراهيم الكيلانى
942 _2ddc
_cBK
999 _c50777
_d50777